| 000 | 00455nam a2200193Ia 4500 | ||
|---|---|---|---|
| 005 | 20250423095250.0 | ||
| 008 | 250422s9999 xx 000 0 und d | ||
| 020 | _a0321429931 | ||
| 050 | _aLB 2395.3 .M39/ | ||
| 100 | _aMcWhorter, Kathleen T. | ||
| 245 | 0 | _aEssential reading skills | |
| 250 | _a3rd ed. | ||
| 260 | _aNew York | ||
| 260 | _bLongman | ||
| 260 | _c2007 | ||
| 300 | _a494 p | ||
| 650 | _aReading (Higher education) | ||
| 942 | _cBK | ||
| 999 |
_c29748 _d29748 |
||